000 01089cam a2200301 a 4500
001 2231
005 20250516092127.0
020 _a9780823419081
020 _a9780545490207
020 _a0823419088
040 _aDLC
_cDLC
_dIG#
_dEHH
_dBDX
_dBTCTA
_dDLC
_beng
050 0 0 _aE302.6.R77
_bW47 2011
082 0 0 _a973.3092
_aB
_222
100 1 _aWhite, Becky
_d1947-
245 1 0 _aBetsy Ross /
_cby Becky White ; illustrated by Megan Lloyd.
250 _aFirst Scholastic printing, September 2012
260 _aNew York :
_bScholastic,
_c2011
300 _a30 unnumbered pages :
_billustrations
_c26 cm
505 _aD
520 _aTells the story of the colonial seamstress who, according to legend, stitched the first American flag, after a design by George Washington.
521 _a210
_bLexile
521 _aD
_bRaz-Plus
650 0 _aFlags
_zUnited States
_xHistory
_y18th century
_vJuvenile literature.
650 1 _aFlags
_zUnited States
_xHistory
_y18th century.
700 1 _aLloyd, Megan
_eillustrator
906 _a7
_bcbc
_corignew
_d1
_eecip
_f20
_gy-gencatlg
942 _2ddc
_cBK
_n0
999 _c2231
_d2231